Procurement and Supply workflow AC3 (Record no. 351371)
[ view plain ]
| 000 -LEADER | |
|---|---|
| fixed length control field | 00532nam a22001817a 4500 |
| 003 - CONTROL NUMBER IDENTIFIER | |
| control field | OSt |
| 005 - DATE AND TIME OF LATEST TRANSACTION | |
| control field | 20180116183044.0 |
| 008 - FIXED-LENGTH DATA ELEMENTS--GENERAL INFORMATION | |
| fixed length control field | 160425b xxu||||| |||| 00| 0 eng d |
| 020 ## - INTERNATIONAL STANDARD BOOK NUMBER | |
| International Standard Book Number | 9781861242242 |
| 040 ## - CATALOGING SOURCE | |
| Transcribing agency | 0 |
| 082 ## - DEWEY DECIMAL CLASSIFICATION NUMBER | |
| Classification number | 658.72 CIP 2012 |
| 100 ## - MAIN ENTRY--PERSONAL NAME | |
| Personal name | CIPS |
| 245 ## - TITLE STATEMENT | |
| Title | Procurement and Supply workflow AC3 |
| Statement of responsibility, etc. | Advanced Certificate in procurement and supply operations |
| 260 ## - PUBLICATION, DISTRIBUTION, ETC. | |
| Place of publication, distribution, etc. | Lincolnshire |
| Name of publisher, distributor, etc. | Profex Publishing Limited |
| Date of publication, distribution, etc. | 2012 |
| 300 ## - PHYSICAL DESCRIPTION | |
| Extent | 133 p. |
| Other physical details | PB. |
| 440 ## - SERIES STATEMENT/ADDED ENTRY--TITLE | |
| Title | Procurement and Supply workflow |
| 942 ## - ADDED ENTRY ELEMENTS (KOHA) | |
| Source of classification or shelving scheme | |
| Koha item type | Book |
| Withdrawn status | Lost status | Source of classification or shelving scheme | Damaged status | Not for loan | Collection code | Permanent Location | Current Location | Shelving location | Date acquired | Total Checkouts | Full call number | Barcode | Date last seen | Date last checked out | Price effective from | Koha item type |
|---|---|---|---|---|---|---|---|---|---|---|---|---|---|---|---|---|
| Central Library (CL) | Central Library (CL) | General Stacks | 04/25/2016 | 4 | 658.72 CIP 2012 | NBS10188 | 02/25/2025 | 07/08/2024 | 04/25/2016 | Book |
